Toutes les gares SNCF depuis Marseille - Statistiques

Statistiques générales
  • Ce quiz a été pris 330 fois
  • Le résultat moyen est 72 sur 183
Statistiques - réponses
Département/Province Gare % Correct
7 Alpes-Maritimes Nice
83%
1 Rhône Lyon-Part-Dieu
80%
2 | 3 | 4 | 5 Rhône Lyon-Part-Dieu
80%
10 Bouches-du-Rhône Aix-en-Provence
79%
6 Hérault Montpellier-Saint-Roch
79%
3 Nord Lille (Europe ou Flandres)
77%
7 | 8 Var Toulon
77%
2 Bas-Rhin Strasbourg
76%
1 Paris Paris-Gare-de-Lyon
75%
2 Luxembourg Luxembourg
71%
4 Ille-et-Vilaine Rennes
71%
6 Gironde Bordeaux-Saint-Jean
70%
8 Var Hyères
70%
2 Côte-d'Or Dijon-Ville
69%
2 Meurthe-et-Moselle Nancy
68%
7 Alpes-Maritimes Cannes
68%
6 Haute-Garonne Toulouse-Matabiau
68%
7 Bouches-du-Rhône Marseille-Blancarde
66%
2 Moselle Metz-Ville
66%
6 Aude Narbonne
65%
2 Haut-Rhin Mulhouse-Ville
65%
1 Vaucluse Avignon TGV
64%
5 Seine-Maritime Le Havre
63%
5 Seine-Maritime Rouen-Rive-Droite
63%
1 | 6 Bouches-du-Rhône Arles
62%
6 Hérault Béziers
61%
6 Aude Carcassonne
61%
3 Province de la Capitale Bruxelles-Midi / Brussel-Zuid
60%
7 Alpes-Maritimes Antibes
59%
0 | 1 Vaucluse Avignon-Centre
59%
5 Essonne Massy-Palaiseau
59%
4 Essonne Massy TGV
59%
10 Hautes-Alpes Gap
58%
4 Mayenne Laval
58%
4 Sarthe Le Mans
58%
2 Saône-et-Loire Mâcon-Ville
58%
3 Seine-et-Marne Marne-la-Vallée-Chessy TGV
58%
6 Hérault Sète
58%
7 Var Les-Arcs-Draguignan
57%
7 Bouches-du-Rhône Aubagne
56%
5 Yvelines Versailles-Chantiers
56%
1 Drôme Valence TGV-Rhône Alpes Sud
55%
1 Vaucluse Orange
55%
7 Var Saint-Raphaël-Valescure
55%
0 | 1 | 9 Bouches-du-Rhône Miramas
54%
7 Bouches-du-Rhône La Ciotat-Ceyreste
54%
6 Bouches-du-Rhône Miramas
54%
6 Tarn-et-Garonne Montauban-Ville-Bourbon
54%
10 Hautes-Alpes Briançon
53%
0 Vaucluse Cavaillon
52%
9 Bouches-du-Rhône Martigues
52%
0 | 1 | 6 Bouches-du-Rhône Vitrolles-Aéroport
52%
6 Lot-et-Garonne Agen
51%
3 Nord Tourcoing-Roubaix-Croix Vasquehal
51%
1 Drôme Valence-Ville
51%
7 Var La Seyne-Six-Fours
51%
6 Gard Nîmes-Centre
51%
2 Moselle Thionville
51%
2 Territoire de Belfort Belfort-Montbéliard TGV
49%
9 Bouches-du-Rhône Istres
49%
1 Drôme Montélimar
49%
2 Saône-et-Loire Chalon-sur-Saône
48%
6 Hérault Agde
47%
3 Seine-et-Marne Aéroport Charles de Gaulle 2 TGV
47%
7 Bouches-du-Rhône Cassis
47%
1 | 2 Rhône Lyon-Saint-Exupéry TGV
47%
5 Yvelines Mantes-la-Jolie
47%
2 Doubs Besançon-Franche-Comté TGV
45%
0 Bouches-du-Rhône Salon-de-Provence
44%
1 Isère Vienne
43%
2 Côte-d'Or Beaune
42%
3 Somme TGV Haute-Picardie
42%
10 Alpes-de-Haute-Provence Manosque-Grénoux-les-Bains
40%
1 Bouches-du-Rhône Aix-en-Provence TGV
39%
6 Gard Nîmes-Pont-du-Gard
39%
10 Alpes-de-Haute-Provence Sisteron
38%
10 Bouches-du-Rhône Gardanne
37%
6 Hérault Lunel
37%
7 Var Ollioules-Sanary-sur-Mer
37%
9 Bouches-du-Rhône Fos-sur-Mer
35%
0 | 1 | 9 Bouches-du-Rhône L'Estaque
35%
6 Lot-et-Garonne Marmande
35%
7 Bouches-du-Rhône La Pomme
33%
7 Var Saint Cyr-Les Lecques-La Cadière
32%
1 | 6 Bouches-du-Rhône Saint-Martin-de-Crau
32%
6 Bouches-du-Rhône Tarascon
32%
7 Bouches-du-Rhône La Penne-sur-Huveaune
30%
0 Vaucluse L'Isle-sur-la-Sorgue - Fontaine-de-Vaucluse
30%
1 Vaucluse Bollène-la-Croisière
29%
10 Hautes-Alpes Embrun
29%
7 | 8 Var La Garde
29%
6 Hérault Frontignan
28%
10 Bouches-du-Rhône Saint-Antoine
28%
1 Vaucluse Sorgues-Châteauneuf-du-Pape
28%
1 | 9 Bouches-du-Rhône Arenc-Euroméditerranée
27%
1 Drôme Pierrelatte
27%
0 | 1 Bouches-du-Rhône Rognac
27%
10 Bouches-du-Rhône Septèmes
26%
10 Bouches-du-Rhône Pertuis
25%
9 Bouches-du-Rhône Port-de-Bouc
25%
8 Var La Crau
24%
7 Alpes-Maritimes Nice-Saint-Augustin
24%
10 Bouches-du-Rhône Sainte-Marthe-en-Provence
24%
10 Bouches-du-Rhône Simiane
24%
7 | 8 Var La Pauline
23%
7 Var Le Luc-Le Cannet
23%
0 Bouches-du-Rhône Pas-des-Lanciers
23%
1 Bouches-du-Rhône Pas des Lanciers
23%
1 Drôme Tain-l'Hermitage-Tournon
23%
10 Hautes-Alpes Veynes-Dévoluy
23%
9 Bouches-du-Rhône Carry-le-Rouet
22%
9 Bouches-du-Rhône La Redonne Ensuès
22%
1 Isère Le Péage de Roussillon
22%
1 Drôme Livron
22%
1 Drôme Loriol
22%
0 | 1 Bouches-du-Rhône Saint-Chamas
22%
9 Bouches-du-Rhône Sausset-les-Pins
22%
6 Hérault Villeneuve-lès-Maguelone
22%
7 Bouches-du-Rhône Saint-Marcel
21%
10 Hautes-Alpes Chorges
20%
7 Bouches-du-Rhône La Barasse
20%
1 Isère Saint-Clair-les-Roches
20%
10 Bouches-du-Rhône Saint-Joseph-le-Castellas
20%
10 Alpes-de-Haute-Provence Château-Arnoux-Saint-Auban
19%
10 Hautes-Alpes L'Argentière-Les Ecrins
19%
9 Bouches-du-Rhône Niolon
19%
10 Bouches-du-Rhône Picon-Busserine
19%
0 Bouches-du-Rhône Sénas
19%
1 Vaucluse Bédarrides
18%
6 Hérault Marseillan-Plage
18%
10 Hautes-Alpes Mont-Dauphin-Guillestre
18%
0 Bouches-du-Rhône Orgon
18%
1 Drôme Saint-Rambert-d'Albon
18%
1 Drôme Saint-Vallier-sur-Rhône
18%
7 Var Solliès-Pont
18%
7 | 8 Var Toulon-Sainte-Musse
18%
7 Var Carnoules
17%
1 Vaucluse Courthézon
17%
7 Var Cuers-Pierrefeu
17%
0 Vaucluse Le Thor
17%
10 Bouches-du-Rhône Meyrargues
17%
9 Bouches-du-Rhône La Couronne Caro
16%
6 Hérault Baillargues
15%
1 Drôme Donzère
15%
0 Bouches-du-Rhône Lamanon
15%
10 Hautes-Alpes Laragne
15%
0 Vaucluse Morières-lès-Avignon
15%
10 Hautes-Alpes Serres
15%
6 Hérault Vias
15%
0 Vaucluse Gadagne
14%
0 Vaucluse Montfavet
14%
9 Bouches-du-Rhône Rassuen
14%
0 Vaucluse Saint-Saturnin-lès-Avignon
14%
6 Gard Vergèze-Codognan
14%
7 Var Vidauban
14%
6 Aude Coursan
13%
9 Bouches-du-Rhône Croix-Sainte
13%
7 Var Puget-Ville
13%
6 Hérault Vic-Mireval
13%
10 Alpes-de-Haute-Provence La Brillane-Oraison
12%
7 Var Pignans
11%
7 Var Bandiol
4%
7 Var Gonafront
1%
Aucun quiz correspondant
Distribution des résultats
% des personnes avec chaque résultat
Percentile par nombre de réponses
Votre historique - résultats
Vous n’avez pas pris ce quiz